000 00868nam a2200205Ia 4500
008 0000001992 pr a 0000000000spa00
090 _aPPR00 P27r1
100 1 _aPérez Ruiz, José Antonio
245 1 0 _aRuben Rios
_b: ritmos de un trópico
_c/ ensayo José Antonio Pérez Ruiz ; fotografías Heriberto Castro
300 _a[16] p.
_c/ 24 cm.
500 _aExposición realizada en Ruby Gallery, Santurce (Puerto Rico), Marzo 5 Abril 5, 1992 \ Con el patronazgo del maestro venezolano Jesús Rafael Soto (q.e.p.d.)
600 0 0 _aRIOS, RUBEN, 1948/
_xTRABAJOS PICTORICOS
650 1 4 _aARTE CONTEMPORANEO PUERTORRIQUEÑO
650 1 4 _xCATALOGOS
650 1 4 _xEXPOSICIONES
650 1 4 _aPINTORES PUERTORRIQUEÑOS
650 1 4 _aPINTURA PUERTORRIQUEÑA
700 1 _aCastro, Heriberto
999 _c4896
_d4896
260 _aSanturce (Puerto Rico) : Ruby Gallery
_c1992